[Event "OPEN A - XVII MIEDZYNARODOWY FESTIWAL SZ"]
[Site "Rewal"]
[Date "2012.??.??"]
[Round "6.16"]
[White "Kasperek, Joanna"]
[Black "Warakomska, Anna"]
[Result "1/2-1/2"]
[WhiteElo "2018"]
[BlackElo "2136"]
[PlyCount "88"]
[EventDate "2012.??.??"]

1. e4 e5 2. Nf3 Nc6 3. Nc3 Nf6 4. Bb5 Bb4 5. O-O O-O 6. d3 Bxc3 7. bxc3 d6 8.
h3 Ne7 9. Re1 c6 10. Ba4 Ng6 11. Bb3 h6 12. a4 Re8 13. Nh2 Be6 14. Bxe6 Rxe6
15. Nf1 d5 16. Ng3 Qc7 17. Qf3 Nh4 18. Qe3 b6 19. a5 Rd8 20. axb6 axb6 21. Bb2
c5 22. exd5 Nxd5 23. Qe4 Nf4 24. Bc1 Nhxg2 25. Rf1 Rg6 26. Kh2 Qd7 27. Qf5 Nh4
28. Qxd7 Rxd7 29. f3 Nd5 30. Ra4 Rxg3 31. Kxg3 Nf5+ 32. Kf2 Nxc3 33. Ra8+ Kh7
34. Bb2 Nd5 35. Bxe5 Nde3 36. Rc1 c4 37. Ra3 b5 38. Ra5 cxd3 39. cxd3 Rxd3 40.
Rxb5 Rd2+ 41. Ke1 Rg2 42. Rb2 Rg1+ 43. Kd2 Rxc1 44. Kxc1 Nc4 1/2-1/2

[Event "OPEN A - XVII MIEDZYNARODOWY FESTIWAL SZ"]
[Site "Rewal"]
[Date "2012.??.??"]
[Round "6.17"]
[White "Kasparova, Tatiana"]
[Black "Popiol, Michal"]
[Result "1-0"]
[WhiteElo "2109"]
[BlackElo "1870"]
[PlyCount "105"]
[EventDate "2012.??.??"]

1. Nf3 Nf6 2. d4 g6 3. g3 Bg7 4. Bg2 O-O 5. O-O d6 6. Re1 Nbd7 7. e4 e5 8. Nc3
c6 9. a4 Re8 10. h3 Qc7 11. Be3 a5 12. Qd2 Nb6 13. b3 Nbd7 14. Bh6 Bh8 15. Rad1
b6 16. dxe5 dxe5 17. Nh4 Ba6 18. Nf5 Nf8 19. Qd6 Qxd6 20. Nxd6 Red8 21. Be3
N6d7 22. Bf1 Bxf1 23. Kxf1 Rab8 24. Nc4 Ne6 25. Ne2 Kf8 26. Rd6 c5 27. c3 Bf6
28. Red1 Ke8 29. R6d2 Be7 30. Ng1 f6 31. Nf3 Nef8 32. Na3 Ne6 33. Nc4 Nef8 34.
Ne1 Ne6 35. Nc2 f5 36. exf5 gxf5 37. f3 f4 38. Bf2 Bf6 39. N2a3 Ke7 40. Nb5 Ng5
41. Na7 Nxf3 42. Nc6+ Ke8 43. Rd5 Nf8 44. Nxd8 Rxd8 45. Nxb6 Ng6 46. Nd7 Be7
47. Nxc5 Rc8 48. Ne4 Rb8 49. Rb5 Rxb5 50. axb5 h5 51. b6 fxg3 52. Bxg3 h4 53.
b7 1-0

[Event "OPEN A - XVII MIEDZYNARODOWY FESTIWAL SZ"]
[Site "Rewal"]
[Date "2012.??.??"]
[Round "6.18"]
[White "Palosz, Andrzej"]
[Black "Gabrys, Sebastian"]
[Result "1/2-1/2"]
[WhiteElo "2159"]
[BlackElo "1790"]
[PlyCount "28"]
[EventDate "2012.??.??"]

1. e4 c5 2. Nf3 e6 3. d4 cxd4 4. Nxd4 Nf6 5. Nc3 Nc6 6. Ndb5 Bb4 7. a3 Bxc3+ 8.
Nxc3 d5 9. exd5 exd5 10. Bd3 d4 11. Ne2 Bf5 12. Bxf5 Qa5+ 13. Qd2 Qxf5 14. O-O
O-O 1/2-1/2

[Event "OPEN A - XVII MIEDZYNARODOWY FESTIWAL SZ"]
[Site "Rewal"]
[Date "2012.??.??"]
[Round "6.19"]
[White "Zakrzewski, Marek"]
[Black "Puczylowski, Marcin"]
[Result "0-1"]
[WhiteElo "2121"]
[BlackElo "1984"]
[PlyCount "126"]
[EventDate "2012.??.??"]

1. e4 c5 2. Nf3 Nc6 3. d4 cxd4 4. Nxd4 Nf6 5. Nc3 e5 6. Ndb5 d6 7. Bg5 a6 8.
Na3 b5 9. Bxf6 gxf6 10. Nd5 f5 11. c3 fxe4 12. Bxb5 Bb7 13. Qg4 axb5 14. Nxb5
Rc8 15. O-O Nd4 16. cxd4 Bxd5 17. Rac1 Be6 18. Qxe4 Rg8 19. Rxc8 Qxc8 20. dxe5
d5 21. Qxh7 Rg6 22. Qh8 Kd7 23. Nd4 Qc5 24. Nxe6 Kxe6 25. Qh3+ Kxe5 26. Qh4 Re6
27. Qh8+ Kf5 28. Qg8 Kf6 29. h4 Bg7 30. Qd8+ Kg6 31. Rd1 Rf6 32. Rf1 Qd6 33.
Qe8 Re6 34. Qb5 d4 35. Qd3+ f5 36. h5+ Kf6 37. Rd1 Re4 38. a4 Qe5 39. g3 Re1+
40. Kh2 Re2 41. Rd2 Rxd2 42. Qxd2 f4 43. gxf4 Qxh5+ 44. Kg2 Qd5+ 45. Kg3 d3 46.
a5 Bf8 47. a6 Bc5 48. b4 Ba7 49. Qc3+ Bd4 50. Qc1 Ba7 51. Qc3+ Qd4 52. Qc6+ Kf7
53. Qc7+ Kg8 54. Qc8+ Kf7 55. Qc7+ Ke8 56. Qc8+ Ke7 57. Qc7+ Qd7 58. Qe5+ Kd8
59. Qh8+ Kc7 60. Qe5+ Kc6 61. Qa5 Qd5 62. Qa4+ Kb6 63. Qd1 d2 0-1

[Event "OPEN A - XVII MIEDZYNARODOWY FESTIWAL SZ"]
[Site "Rewal"]
[Date "2012.??.??"]
[Round "6.20"]
[White "Karwowski, Kacper"]
[Black "Pietruszewski, Marcin"]
[Result "1-0"]
[WhiteElo "1864"]
[BlackElo "2121"]
[PlyCount "107"]
[EventDate "2012.??.??"]

1. e4 c5 2. Nf3 e6 3. d4 cxd4 4. Nxd4 a6 5. Nc3 Qc7 6. Bd3 Nf6 7. O-O d6 8. Be3
Nbd7 9. f4 b5 10. a3 Bb7 11. Qf3 g6 12. Rae1 Bg7 13. Qh3 O-O 14. Kh1 Rfe8 15.
f5 exf5 16. exf5 Ne5 17. Qh4 Nfg4 18. f6 Nxd3 19. cxd3 Nxe3 20. Rxe3 Rxe3 21.
Nf5 Rae8 22. Nxe3 Rxe3 23. fxg7 Qe7 24. Qd4 Qe5 25. Qa7 Re1 26. Kg1 Qc5+ 27.
Qxc5 Rxf1+ 28. Kxf1 dxc5 29. b4 cxb4 30. axb4 Kxg7 31. Kf2 Kf6 32. g3 Ke5 33.
Ke3 Bg2 34. h4 h5 35. Ne2 Bc6 36. Nd4 Bd5 37. Ne2 f6 38. Nf4 Bf7 39. d4+ Kf5
40. Nd3 Be6 41. Nc5 Bc8 42. Ne4 Kg4 43. Kf2 f5 44. Nf6+ Kh3 45. d5 f4 46. gxf4
Kxh4 47. d6 Bf5 48. Kf3 a5 49. bxa5 b4 50. Nd5 b3 51. Nc3 g5 52. a6 g4+ 53. Kf2
Kh3 54. Kg1 1-0

[Event "OPEN A - XVII MIEDZYNARODOWY FESTIWAL SZ"]
[Site "Rewal"]
[Date "2012.??.??"]
[Round "6.21"]
[White "Koitka, Jakub"]
[Black "Siedlinski, Piotr"]
[Result "1/2-1/2"]
[WhiteElo "1973"]
[BlackElo "2092"]
[PlyCount "115"]
[EventDate "2012.??.??"]

1. d4 d5 2. c4 Nc6 3. Nf3 Bg4 4. cxd5 Bxf3 5. gxf3 Qxd5 6. e3 e5 7. Nc3 Bb4 8.
Bd2 Bxc3 9. bxc3 Qd6 10. Rb1 b6 11. Rg1 g6 12. f4 exf4 13. e4 Nge7 14. Qf3
O-O-O 15. Bc4 Kb8 16. Bxf4 Qa3 17. Qg3 Kb7 18. Kf1 f5 19. Bxc7 Rd7 20. Be5 Rf8
21. Bg7 Rfd8 22. d5 Na5 23. Bb5 Qxa2 24. Kg2 fxe4 25. Bxd7 Rxd7 26. Qe5 Qxd5
27. Rgd1 Qxe5 28. Bxe5 Kc6 29. Rxd7 Kxd7 30. Kg3 Ke6 31. Bd4 Nf5+ 32. Kf4 Nxd4
33. cxd4 Kd5 34. Ra1 h6 35. Ra4 Nc6 36. Ke3 a5 37. Ra1 Nb4 38. Rb1 g5 39. h3 h5
40. Rb2 b5 41. Rd2 a4 42. Rb2 Kc4 43. Kxe4 a3 44. Rb1 Nd5 45. Rc1+ Nc3+ 46. Ke5
b4 47. d5 b3 48. d6 b2 49. Re1 a2 50. d7 b1=Q 51. Rxb1 axb1=Q 52. d8=Q Qe4+ 53.
Kf6 g4 54. hxg4 hxg4 55. Kg5 Qe6 56. Qc7+ Kd4 57. Kh4 Ne4 58. Qf4 1/2-1/2

[Event "OPEN A - XVII MIEDZYNARODOWY FESTIWAL SZ"]
[Site "Rewal"]
[Date "2012.??.??"]
[Round "6.22"]
[White "Czajkowski, Adam"]
[Black "Poswiatowski, Michal"]
[Result "1/2-1/2"]
[WhiteElo "1911"]
[BlackElo "2008"]
[PlyCount "54"]
[EventDate "2012.??.??"]

1. e4 c5 2. Nf3 Nc6 3. Bb5 g6 4. O-O Bg7 5. c3 a6 6. Ba4 b5 7. Bc2 d6 8. d4
cxd4 9. Nxd4 Bb7 10. a4 Nxd4 11. cxd4 Nf6 12. Qe2 O-O 13. f3 Qd7 14. Be3 Rfc8
15. Bd3 b4 16. Nd2 a5 17. Nc4 Qd8 18. Rac1 d5 19. Nd2 e6 20. e5 Nd7 21. f4 Bc6
22. Bb5 Bxb5 23. Qxb5 Rcb8 24. Qd3 Nb6 25. b3 Rc8 26. Nf3 Qd7 27. g4 Ra7
1/2-1/2

[Event "OPEN A - XVII MIEDZYNARODOWY FESTIWAL SZ"]
[Site "Rewal"]
[Date "2012.??.??"]
[Round "6.23"]
[White "Zochowski, Kacper"]
[Black "Starczewska, Dominika"]
[Result "1-0"]
[WhiteElo "2073"]
[BlackElo "1971"]
[PlyCount "89"]
[EventDate "2012.??.??"]

1. e4 c5 2. Nf3 Nc6 3. d4 cxd4 4. Nxd4 Nf6 5. Nc3 e5 6. Ndb5 d6 7. Nd5 Nxd5 8.
exd5 Nb8 9. c4 Be7 10. Be2 O-O 11. O-O a6 12. Nc3 f5 13. f4 Bf6 14. Qc2 Qe7 15.
a4 a5 16. Bd3 e4 17. Be2 Bd4+ 18. Kh1 Na6 19. Nb5 Bc5 20. Qc3 Bb4 21. Qg3 Rf6
22. Be3 Rg6 23. Qf2 Bd7 24. Nd4 Nc5 25. Nc2 Nb3 26. Nxb4 Nxa1 27. Rxa1 axb4 28.
b3 Rf6 29. Qe1 Rh6 30. Qxb4 Be8 31. g3 Qf6 32. Rb1 Bh5 33. Bxh5 Rxh5 34. Qxb7
Rf8 35. Qb4 Qg6 36. Qe1 Qg4 37. Rb2 Rf6 38. Kg1 Rfh6 39. a5 Rh3 40. a6 Rxg3+
41. hxg3 Qh3 42. Ra2 Qh1+ 43. Kf2 Qh5 44. a7 Qf3+ 45. Kg1 1-0

[Event "OPEN A - XVII MIEDZYNARODOWY FESTIWAL SZ"]
[Site "Rewal"]
[Date "2012.??.??"]
[Round "6.24"]
[White "Golek, Jagoda"]
[Black "Smal, Tobiasz"]
[Result "0-1"]
[WhiteElo "2061"]
[BlackElo "1843"]
[PlyCount "72"]
[EventDate "2012.??.??"]

1. e4 c5 2. Nf3 d6 3. Bb5+ Nd7 4. d4 a6 5. Bxd7+ Bxd7 6. O-O cxd4 7. Qxd4 Nf6
8. c4 e6 9. Nc3 Be7 10. Rd1 Qa5 11. Qd3 Bc6 12. Bd2 Qh5 13. h3 O-O 14. Nd4 Rfd8
15. Re1 Qg6 16. Qe2 Bf8 17. Rac1 e5 18. Nf3 Be7 19. Nh4 Qh5 20. Nf5 Qxe2 21.
Rxe2 Kf8 22. f3 Bd7 23. Ne3 Be6 24. Na4 b5 25. Nb6 Rab8 26. Ba5 Re8 27. Rec2
Bd8 28. Bb4 Rxb6 29. c5 Rb8 30. cxd6 Kg8 31. Rc6 a5 32. Bd2 Bxa2 33. Kf2 Be6
34. R6c5 Nd7 35. Rc6 b4 36. Ra1 Bb6 0-1

[Event "OPEN A - XVII MIEDZYNARODOWY FESTIWAL SZ"]
[Site "Rewal"]
[Date "2012.??.??"]
[Round "6.25"]
[White "Cyboran, Katarzyna"]
[Black "Bes, Michal"]
[Result "1/2-1/2"]
[WhiteElo "1773"]
[BlackElo "1977"]
[PlyCount "76"]
[EventDate "2012.??.??"]

1. e4 c5 2. Nf3 d6 3. d4 Nf6 4. Nc3 cxd4 5. Qxd4 Nc6 6. Bb5 Bd7 7. Bxc6 Bxc6 8.
Bg5 Qa5 9. O-O-O O-O-O 10. Be3 e6 11. Nd2 d5 12. Nb3 Qa6 13. Bg5 Be7 14. e5 Ng8
15. Be3 Kb8 16. f4 Nh6 17. Nc5 Qa5 18. Nb3 Qa6 19. Nc5 Qb6 20. Nb3 Qxd4 21.
Nxd4 Bd7 22. Rhf1 g6 23. h3 Nf5 24. Nxf5 gxf5 25. g4 fxg4 26. hxg4 h5 27. gxh5
Rxh5 28. Rh1 Rdh8 29. Rxh5 Rxh5 30. Rg1 Rf5 31. Ne2 Bc5 32. Kd2 d4 33. Nxd4
Bxd4 34. Bxd4 Rxf4 35. Be3 Rf5 36. Rg5 Rf3 37. Rg2 f6 38. Rf2 Rxf2+ 1/2-1/2

[Event "OPEN A - XVII MIEDZYNARODOWY FESTIWAL SZ"]
[Site "Rewal"]
[Date "2012.??.??"]
[Round "6.26"]
[White "Gorol, Jacek"]
[Black "Grabarczyk, Sylwester Piotr"]
[Result "1-0"]
[WhiteElo "1757"]
[BlackElo "1743"]
[PlyCount "109"]
[EventDate "2012.??.??"]

1. c4 e5 2. Nc3 Nf6 3. Nf3 Nc6 4. d4 exd4 5. Nxd4 Bb4 6. Nxc6 bxc6 7. Qc2 O-O
8. a3 Bxc3+ 9. Qxc3 Ne4 10. Qc2 d5 11. e3 Re8 12. Bd3 Qg5 13. O-O Qe7 14. f3
Nf6 15. Bd2 h5 16. Rae1 Be6 17. c5 Red8 18. b4 Nd7 19. Bc3 Nf6 20. Qf2 Ne8 21.
f4 f5 22. Qg3 Kf7 23. Qh3 g6 24. Be2 Nf6 25. Bd4 Rg8 26. g3 Ne4 27. Rd1 a5 28.
Bd3 axb4 29. axb4 Ra4 30. Bxe4 dxe4 31. Bc3 Ra3 32. Bd4 Rb8 33. Qg2 Rxb4 34.
Ra1 Rba4 35. Rxa3 Rxa3 36. Qb2 Rb3 37. Qa1 Rd3 38. Qa4 Qd7 39. Rb1 Bd5 40. Rb8
Be6 41. Rh8 Rxd4 42. Qxd4 Qxd4 43. exd4 e3 44. Rh7+ Kf6 45. Rxc7 Bd5 46. Rd7
Bf3 47. Rd6+ Kg7 48. Re6 Be4 49. Kf1 Kf7 50. Re5 Bd3+ 51. Ke1 e2 52. d5 cxd5
53. Rxd5 Be4 54. Re5 Bf3 55. Kf2 1-0

[Event "OPEN A - XVII MIEDZYNARODOWY FESTIWAL SZ"]
[Site "Rewal"]
[Date "2012.??.??"]
[Round "6.27"]
[White "Malinowski, Damian"]
[Black "Lewtak, Dominik"]
[Result "1/2-1/2"]
[WhiteElo "1827"]
[BlackElo "1776"]
[PlyCount "35"]
[EventDate "2012.??.??"]

1. c4 e5 2. g3 Nf6 3. Bg2 Nc6 4. Nc3 Bb4 5. Nd5 O-O 6. Nf3 e4 7. Nh4 Re8 8. O-O
d6 9. d3 exd3 10. Qxd3 Nxd5 11. cxd5 Ne5 12. Qc2 Bc5 13. h3 c6 14. Kh2 cxd5 15.
Bxd5 Qf6 16. Nf3 Bf5 17. Qb3 Rab8 18. Bd2 1/2-1/2

[Event "OPEN A - XVII MIEDZYNARODOWY FESTIWAL SZ"]
[Site "Rewal"]
[Date "2012.??.??"]
[Round "7.1"]
[White "Cyborowski, Lukasz"]
[Black "Malaniuk, Vladimir P"]
[Result "1/2-1/2"]
[WhiteElo "2546"]
[BlackElo "2523"]
[PlyCount "27"]
[EventDate "2012.??.??"]

1. Nf3 f5 2. d3 Nc6 3. d4 e6 4. c4 Nf6 5. g3 Bb4+ 6. Nbd2 Qe7 7. Bg2 d6 8. O-O
Bxd2 9. Qxd2 e5 10. dxe5 dxe5 11. b3 O-O 12. Bb2 a5 13. Qc3 Re8 14. Qc2 1/2-1/2

[Event "OPEN A - XVII MIEDZYNARODOWY FESTIWAL SZ"]
[Site "Rewal"]
[Date "2012.??.??"]
[Round "7.3"]
[White "Sieciechowicz, Marcin"]
[Black "Scibior, Adam"]
[Result "1-0"]
[WhiteElo "2441"]
[BlackElo "2202"]
[PlyCount "115"]
[EventDate "2012.??.??"]

1. d4 d5 2. c4 e6 3. Nc3 c6 4. Nf3 Nf6 5. Bg5 Nbd7 6. e3 Qa5 7. cxd5 Nxd5 8.
Qd2 Bb4 9. Rc1 Nxc3 10. bxc3 Ba3 11. Rb1 O-O 12. Bd3 e5 13. O-O Re8 14. Qc2 h6
15. Bh4 Qc7 16. Nd2 exd4 17. cxd4 Be7 18. Bg3 Bd6 19. Bxd6 Qxd6 20. Rfc1 Nf6
21. Nc4 Qe7 22. Ne5 Ng4 23. Nxg4 Bxg4 24. Qb2 Bc8 25. Qb4 Qxb4 26. Rxb4 Re7 27.
a4 Be6 28. f3 Rc8 29. a5 Rd7 30. Rc5 Rcc7 31. Kf2 Rd5 32. e4 Rxc5 33. dxc5 Kf8
34. Ke3 Ke7 35. f4 f6 36. Rb2 Kd8 37. f5 Bc8 38. g4 Re7 39. Kd4 Kc7 40. h4 Rd7+
41. Kc3 Re7 42. g5 hxg5 43. hxg5 fxg5 44. Rg2 b6 45. axb6+ axb6 46. cxb6+ Kxb6
47. Rxg5 c5 48. Rg6+ Kc7 49. Kd2 Bd7 50. Bc2 Be8 51. Ra6 Bb5 52. Ra5 Kb6 53.
Ra1 Bd7 54. Rf1 Bb5 55. Rb1 Kc6 56. Ke3 Ra7 57. Rg1 Kd6 58. Rg6+ 1-0

[Event "OPEN A - XVII MIEDZYNARODOWY FESTIWAL SZ"]
[Site "Rewal"]
[Date "2012.??.??"]
[Round "7.4"]
[White "Klekowski, Maciej"]
[Black "Klim, Kamil"]
[Result "1/2-1/2"]
[WhiteElo "2314"]
[BlackElo "2357"]
[PlyCount "27"]
[EventDate "2012.??.??"]

1. c4 e5 2. g3 Nc6 3. Bg2 Nf6 4. Nc3 Bc5 5. a3 a6 6. e3 O-O 7. Nge2 d6 8. O-O
Bf5 9. d3 Ba7 10. h3 Rb8 11. Kh2 h6 12. b4 Re8 13. e4 Be6 14. Nd5 1/2-1/2

[Event "OPEN A - XVII MIEDZYNARODOWY FESTIWAL SZ"]
[Site "Rewal"]
[Date "2012.??.??"]
[Round "7.5"]
[White "Sowul, Bartosz"]
[Black "Banasik, Krzysztof"]
[Result "0-1"]
[WhiteElo "2196"]
[BlackElo "2269"]
[PlyCount "102"]
[EventDate "2012.??.??"]

1. d4 d5 2. c4 e6 3. Nc3 Nf6 4. cxd5 exd5 5. Bg5 c6 6. Qc2 Nbd7 7. e3 Bd6 8.
Bd3 h6 9. Bh4 O-O 10. Nf3 Re8 11. O-O-O Qa5 12. Kb1 Bb4 13. Ne2 Ne4 14. Nc1 Bd6
15. g4 Nf8 16. Nb3 Qb6 17. Rdg1 a5 18. Nbd2 Nxd2+ 19. Nxd2 c5 20. g5 hxg5 21.
Rxg5 Be7 22. Re5 f6 23. dxc5 Qc6 24. Rxe7 Rxe7 25. Rg1 Nd7 26. Bh7+ Kh8 27. Bg6
Ne5 28. Nb3 Nxg6 29. Rxg6 Qe6 30. Nd4 Qe4 31. f4 Qh1+ 32. Qc1 Qxc1+ 33. Kxc1
Rxe3 34. Rg3 Re4 35. Rd3 Rxf4 36. Bg3 Re4 37. Kd2 Bd7 38. Bd6 Rae8 39. b3 Kg8
40. a3 Kf7 41. b4 axb4 42. axb4 Ra8 43. b5 Ra2+ 44. Kc3 Ra4 45. c6 bxc6 46. b6
Bc8 47. Nb3 Ra6 48. Bc7 Rc4+ 49. Kb2 Rb4 50. Rd4 Raxb6 51. Bxb6 Rxb6 0-1

[Event "OPEN A - XVII MIEDZYNARODOWY FESTIWAL SZ"]
[Site "Rewal"]
[Date "2012.??.??"]
[Round "7.7"]
[White "Adamowicz, Maciej"]
[Black "Klepaczka, Tomasz"]
[Result "1/2-1/2"]
[WhiteElo "1969"]
[BlackElo "2199"]
[PlyCount "76"]
[EventDate "2012.??.??"]

1. c4 Nf6 2. Nf3 g6 3. g3 Bg7 4. Bg2 O-O 5. O-O Re8 6. d3 d5 7. cxd5 Nxd5 8.
Qb3 Nc6 9. Bd2 a5 10. Nc3 Nb6 11. Rac1 a4 12. Qc2 f5 13. Be3 Nb4 14. Qd2 e5 15.
Nb5 Nc6 16. Bg5 Qd7 17. Bh6 Bh8 18. Rfd1 Ra5 19. Nxc7 Re7 20. Rxc6 bxc6 21.
Qxa5 Qxc7 22. Ng5 Bg7 23. Bxg7 Kxg7 24. Rc1 Bb7 25. Qc3 h6 26. Nh3 Qd6 27. f4
Qd4+ 28. Qxd4 exd4 29. Kf1 Kf6 30. Rc2 Rc7 31. Kf2 Ke6 32. Ng1 Kd6 33. Nf3 c5
34. Ne5 Bxg2 35. Kxg2 Nd5 36. Kf3 g5 37. Rc4 Nb6 38. Rc1 Nd5 1/2-1/2

[Event "OPEN A - XVII MIEDZYNARODOWY FESTIWAL SZ"]
[Site "Rewal"]
[Date "2012.??.??"]
[Round "7.8"]
[White "Weichhold, Pawel"]
[Black "Musialkiewicz, Pawel"]
[Result "1-0"]
[WhiteElo "2365"]
[BlackElo "2145"]
[Annotator "Arbiter"]
[PlyCount "45"]
[EventDate "2012.??.??"]

1. e4 e6 2. d4 d5 3. Nc3 Nf6 4. e5 Nfd7 5. Nf3 b6 6. h4 Ba6 7. Bxa6 Nxa6 8. Qe2
Nab8 9. Bg5 Qc8 10. h5 h6 11. Bh4 Bb4 12. O-O Bxc3 13. bxc3 Qa6 14. Qe3 Qa4 15.
Nd2 c5 16. c4 cxd4 17. Qg3 Qxc2 18. cxd5 O-O 19. Bf6 Qh7 20. Nf3 Kh8 21. dxe6
fxe6 22. Be7 Re8 23. Nh4 (23. Rac1 Na6 24. Nh4 Qe4 25. Rfe1 Qd5 26. Ng6+ Kg8
27. Rcd1 Nac5 28. Nf4 Qb7 29. Bh4 d3 30. Nxd3 Nxd3 31. Rxd3 Nc5 32. Rd6 (32.
Rd4 Qf7 33. Rf4 Qd7 34. Rg4 Kh8 35. Rxg7 Rg8)) 1-0

[Event "OPEN A - XVII MIEDZYNARODOWY FESTIWAL SZ"]
[Site "Rewal"]
[Date "2012.??.??"]
[Round "7.10"]
[White "Janus, Przemyslaw"]
[Black "Kasparova, Tatiana"]
[Result "1/2-1/2"]
[WhiteElo "2149"]
[BlackElo "2109"]
[PlyCount "23"]
[EventDate "2012.??.??"]

1. d4 Nf6 2. c4 c5 3. d5 b5 4. cxb5 a6 5. b6 d6 6. Nc3 Nbd7 7. e4 g6 8. Nf3 Bg7
9. Nd2 Nxb6 10. a4 Rb8 11. Be2 O-O 12. O-O 1/2-1/2

[Event "OPEN A - XVII MIEDZYNARODOWY FESTIWAL SZ"]
[Site "Rewal"]
[Date "2012.??.??"]
[Round "7.11"]
[White "Dowgird, Filip"]
[Black "Orzech, Dominik"]
[Result "1/2-1/2"]
[WhiteElo "2121"]
[BlackElo "2407"]
[PlyCount "25"]
[EventDate "2012.??.??"]

1. e4 c6 2. d4 d5 3. Nc3 dxe4 4. Nxe4 Bf5 5. Ng3 Bg6 6. Nf3 e6 7. h4 h6 8. h5
Bh7 9. Bd3 Bxd3 10. Qxd3 Nf6 11. Bd2 Qc7 12. O-O-O Nbd7 13. Rhe1 1/2-1/2

[Event "OPEN A - XVII MIEDZYNARODOWY FESTIWAL SZ"]
[Site "Rewal"]
[Date "2012.??.??"]
[Round "7.12"]
[White "Swiderski, Radoslaw"]
[Black "Skawinski, Arkadiusz"]
[Result "1-0"]
[WhiteElo "1934"]
[BlackElo "2311"]
[PlyCount "69"]
[EventDate "2012.??.??"]

1. e4 e6 2. d4 d5 3. Nd2 Nc6 4. Ngf3 Nf6 5. e5 Nd7 6. Bd3 f6 7. exf6 Qxf6 8.
Nb3 e5 9. Bg5 Qe6 10. dxe5 Ndxe5 11. O-O Bd6 12. Nxe5 Nxe5 13. Re1 h6 14. Bd2
g5 15. Qh5+ Kf8 16. f4 Qf7 17. Qxf7+ Nxf7 18. Bc3 gxf4 19. Bxh8 Nxh8 20. Nd4
Nf7 21. Ne6+ Kg8 22. Bf5 Bd7 23. Nxc7 Bxf5 24. Nxa8 Bd7 25. Rad1 Bc6 26. Re6
Kg7 27. Rxd6 Nxd6 28. Nc7 Nc4 29. Nxd5 Nxb2 30. Rd4 Na4 31. Nxf4 Nc3 32. a3 Kf6
33. Rd3 Nb5 34. c4 Nc7 35. Nd5+ 1-0

[Event "OPEN A - XVII MIEDZYNARODOWY FESTIWAL SZ"]
[Site "Rewal"]
[Date "2012.??.??"]
[Round "7.13"]
[White "Lewtak, Damian"]
[Black "Kasperek, Joanna"]
[Result "1/2-1/2"]
[WhiteElo "2269"]
[BlackElo "2018"]
[PlyCount "57"]
[EventDate "2012.??.??"]

1. e4 c5 2. Nf3 e6 3. d3 d5 4. Nbd2 Nc6 5. g3 b6 6. Bg2 Bb7 7. O-O Nf6 8. e5
Nd7 9. Re1 Qc7 10. Qe2 Be7 11. c3 g5 12. h3 h5 13. Nf1 O-O-O 14. Bxg5 Bxg5 15.
Nxg5 Ndxe5 16. f4 Rdg8 17. Nxe6 fxe6 18. fxe5 Kb8 19. h4 d4 20. a4 Ne7 21. Bxb7
Qxb7 22. Qe4 Nf5 23. Qxb7+ Kxb7 24. Kf2 Rf8 25. Kg2 Rhg8 26. Re4 Rg6 27. cxd4
cxd4 28. Rc1 Rfg8 29. Kf2 1/2-1/2

[Event "OPEN A - XVII MIEDZYNARODOWY FESTIWAL SZ"]
[Site "Rewal"]
[Date "2012.??.??"]
[Round "7.15"]
[White "Warakomska, Anna"]
[Black "Karwowski, Kacper"]
[Result "1/2-1/2"]
[WhiteElo "2136"]
[BlackElo "1864"]
[PlyCount "71"]
[EventDate "2012.??.??"]

1. e4 c5 2. Nf3 Nc6 3. d4 cxd4 4. Nxd4 e6 5. Nc3 a6 6. Be3 Qc7 7. Bd3 Nf6 8.
O-O h5 9. h3 Bd6 10. Nxc6 bxc6 11. f4 e5 12. f5 Qa5 13. Qe2 Bc5 14. Bc4 Bxe3+
15. Qxe3 Rb8 16. Bb3 Qb6 17. Qxb6 Rxb6 18. Rad1 Ke7 19. Rd2 Rd8 20. Rfd1 d6 21.
Kf2 Rb8 22. Ke3 Bb7 23. g3 d5 24. exd5 cxd5 25. Bxd5 Bxd5 26. Nxd5+ Nxd5+ 27.
Rxd5 Rxd5 28. Rxd5 Rxb2 29. Rxe5+ Kf6 30. Ra5 Rxc2 31. Rxa6+ Kxf5 32. Ra5+ Kf6
33. h4 Rc3+ 34. Kf4 Rc4+ 35. Kf3 Rc3+ 36. Kf4 1/2-1/2

[Event "OPEN A - XVII MIEDZYNARODOWY FESTIWAL SZ"]
[Site "Rewal"]
[Date "2012.??.??"]
[Round "7.16"]
[White "Popiol, Michal"]
[Black "Budrewicz, Krzysztof"]
[Result "0-1"]
[WhiteElo "1870"]
[BlackElo "2211"]
[PlyCount "116"]
[EventDate "2012.??.??"]

1. d4 c5 2. d5 e5 3. e4 d6 4. Nf3 g6 5. Nc3 Bg7 6. Nd2 Nf6 7. Be2 O-O 8. O-O
Na6 9. a3 Nc7 10. b4 Nfe8 11. bxc5 dxc5 12. Rb1 f5 13. f3 b6 14. a4 Nd6 15. Nc4
Nce8 16. Be3 Bd7 17. Rb2 Nxc4 18. Bxc4 Nd6 19. Qd3 fxe4 20. fxe4 Rxf1+ 21. Qxf1
Qh4 22. g3 Qe7 23. Be2 Rf8 24. Qg2 c4 25. a5 Nf7 26. axb6 Qa3 27. Nd1 axb6 28.
Rxb6 Bh6 29. Bxh6 Nxh6 30. Rb7 Qc5+ 31. Kh1 Bc8 32. Rb8 Qa7 33. Rxc8 Rxc8 34.
Qh3 Nf5 35. exf5 Qd7 36. Ne3 c3 37. Kg2 Rf8 38. fxg6 Rf2+ 39. Kxf2 Qxh3 40.
gxh7+ Qxh7 41. h4 Qe4 42. Bd3 Qh1 43. Bf1 Qe4 44. Bd3 Qd4 45. Kf3 Kf8 46. Bf5
Ke7 47. Be4 Qd2 48. Bd3 Qh2 49. Ke4 Qf2 50. Bf1 Kd8 51. g4 Qf4+ 52. Kd3 Kc7 53.
Bg2 Qd4+ 54. Ke2 e4 55. Nf1 Kd6 56. h5 Kxd5 57. Ng3 Qd2+ 58. Kf1 Qf4+ 0-1

[Event "OPEN A - XVII MIEDZYNARODOWY FESTIWAL SZ"]
[Site "Rewal"]
[Date "2012.??.28"]
[Round "7.17"]
[White "Smal, Tobiasz"]
[Black "Palosz, Andrzej"]
[Result "1/2-1/2"]
[WhiteElo "1843"]
[BlackElo "2159"]
[PlyCount "73"]
[EventDate "2012.??.??"]

1. e4 c5 2. Nf3 e6 3. d4 cxd4 4. Nxd4 a6 5. Bd3 Nf6 6. O-O d6 7. c4 b6 8. Nc3
Bb7 9. Qe2 Nbd7 10. f4 g6 11. f5 Qe7 12. fxe6 fxe6 13. Nf3 Bg7 14. Bf4 Ng4 15.
Bg5 Bf6 16. Bxf6 Qxf6 17. Rad1 O-O 18. Bc2 Qf4 19. Qd2 Ne3 20. g3 Nxf1 21. Qxf4
Rxf4 22. gxf4 Ne3 23. Rxd6 Nc5 24. b4 Nxc2 25. bxc5 bxc5 26. Rb6 Nd4 27. Nxd4
cxd4 28. Rxb7 dxc3 29. Rb3 e5 30. fxe5 Kf7 31. Rxc3 Ke6 32. Kf2 Kxe5 33. Ke3
Rc8 34. Ra3 Rxc4 35. Ra5+ Kf6 36. Rxa6+ Kg5 37. Rd6 1/2-1/2

[Event "OPEN A - XVII MIEDZYNARODOWY FESTIWAL SZ"]
[Site "Rewal"]
[Date "2012.??.??"]
[Round "7.18"]
[White "Siedlinski, Piotr"]
[Black "Kamieniecki, Tomasz"]
[Result "1-0"]
[WhiteElo "2092"]
[BlackElo "1992"]
[PlyCount "66"]
[EventDate "2012.??.??"]

1. e4 Nf6 2. Nc3 d5 3. exd5 Nxd5 4. Bc4 Nb6 5. Bb3 Nc6 6. Nf3 Bf5 7. O-O e6 8.
d4 Be7 9. Be3 O-O 10. Ne5 Na5 11. g4 Bg6 12. f4 Nxb3 13. axb3 f6 14. Nxg6 hxg6
15. Qd3 Kf7 16. Ne4 Nd5 17. c4 Nb4 18. Qc3 Rh8 19. f5 exf5 20. gxf5 g5 21. Rad1
Rh4 22. Nc5 Qd6 23. Rd2 Rah8 24. Rff2 Rg4+ 25. Kf1 Rh3 26. Rde2 b6 27. Ne6 a5
28. Qd2 b5 29. d5 bxc4 30. Bc5 Qxd5 31. Nxg5+ Rxg5 32. Rxe7+ Kg8 33. Re8+ Kf7
1-0

[Event "OPEN A - XVII MIEDZYNARODOWY FESTIWAL SZ"]
[Site "Rewal"]
[Date "2012.??.??"]
[Round "7.19"]
[White "Poswiatowski, Michal"]
[Black "Zochowski, Kacper"]
[Result "1-0"]
[WhiteElo "2008"]
[BlackElo "2073"]
[PlyCount "48"]
[EventDate "2012.??.??"]

1. e4 c5 2. c3 Nf6 3. e5 Nd5 4. d4 cxd4 5. Nf3 Nc6 6. Bc4 Nb6 7. Bb3 d5 8. exd6
Qxd6 9. O-O d3 10. Na3 Bf5 11. Nb5 Qd7 12. Bf4 Rc8 13. Nxa7 Nxa7 14. Ne5 Qb5
15. Nxf7 Nd5 16. Nxh8 Qd7 17. Bxd5 Qxd5 18. Qh5+ g6 19. Qxh7 Rc6 20. Rfe1 Nc8
21. Re5 Qc4 22. Bd2 Rf6 23. b3 Qc7 24. Rae1 Qd6 1-0

[Event "OPEN A - XVII MIEDZYNARODOWY FESTIWAL SZ"]
[Site "Rewal"]
[Date "2012.??.28"]
[Round "7.20"]
[White "Paszewski, Mateusz"]
[Black "Andrzejewska, Anna"]
[Result "1-0"]
[WhiteElo "2066"]
[BlackElo "1990"]
[PlyCount "82"]
[EventDate "2012.??.??"]

1. Nf3 d5 2. g3 Nf6 3. Bg2 Bf5 4. c4 c6 5. b3 e6 6. O-O Be7 7. Bb2 h6 8. d3 O-O
9. Nbd2 a5 10. a3 Nbd7 11. Re1 Bh7 12. Qc2 Qb6 13. h3 Bd6 14. Bd4 Bc5 15. Bxc5
Qxc5 16. Qb2 Qd6 17. d4 Ne4 18. Rad1 Nxd2 19. Nxd2 Nf6 20. e3 Rfe8 21. f4 b6
22. g4 Rad8 23. Kh1 Ne4 24. Bxe4 Bxe4+ 25. Nxe4 dxe4 26. b4 axb4 27. Qxb4 c5
28. Qb3 Ra8 29. d5 exd5 30. Rxd5 Qf6 31. Red1 Qh4 32. Kg2 Red8 33. Qc2 Rxd5 34.
cxd5 Rxa3 35. Qc1 Ra2+ 36. Rd2 Rxd2+ 37. Qxd2 Qd8 38. d6 Kf8 39. Qd5 f6 40. Qc6
Qe8 41. Qc7 Qe6 1-0